Idylles choisies de Théocrite : texte grec publié avec un commentaire extraite en partie des notes recueillies a l'Ecole Normale /
Teócrito, poeta griego nacido hacia el año 310 a.C. y fallecido el 250 a.C., es reconocido principalmente por sus composiciones de carácter bucólico. Se conservan de su obra 30 de sus Idilios, 24 de sus Epigramas, La zampoña y un breve fragmento de Berenice. No todos los Idilios se inscriben en el g...
Uloženo v:
| Hlavní autor: | |
|---|---|
| Médium: | Kniha |
| Jazyk: | francouzština |
| Edice: | (Nouvelles Editions Classiques)
|
| Témata: | |
| Tagy: |
Žádné tagy, Buďte první, kdo vytvoří štítek k tomuto záznamu!
|
MARC
| LEADER | 00000nam^a2200000^a^4500 | ||
|---|---|---|---|
| 001 | 000387054 | ||
| 005 | 20250526000000.0 | ||
| 009 | 20260310121017.16 | ||
| 037 | |a Acervo Xavier Clavigero | ||
| 041 | |a FRA | ||
| 082 | |a 881. |b TEO | ||
| 100 | |a Teócrito |e (autor) | ||
| 240 | 1 | 1 | |a [Idilios] |
| 245 | 1 | 0 | |a Idylles choisies de Théocrite : |b texte grec publié avec un commentaire extraite en partie des notes recueillies a l'Ecole Normale / |c Teócrito ; comentarios de Léon Renier. |
| 264 | |a París, Francia : |b Hachette, |c 1847 | ||
| 300 | |a IV, 244 p. ; |c 17.5 cm. | ||
| 336 | |a texto |b txt |2 rdacontenido | ||
| 337 | |a sin mediación |b n |2 rdamedio | ||
| 338 | |a volumen |b nc |2 rdasoporte | ||
| 440 | 1 | |a (Nouvelles Editions Classiques) | |
| 501 | |a Encuadernación particular | ||
| 520 | |a Teócrito, poeta griego nacido hacia el año 310 a.C. y fallecido el 250 a.C., es reconocido principalmente por sus composiciones de carácter bucólico. Se conservan de su obra 30 de sus Idilios, 24 de sus Epigramas, La zampoña y un breve fragmento de Berenice. No todos los Idilios se inscriben en el género bucólico, pero al parecer la celebridad de Teócrito en la poesía pastoril terminó por adjudicarle dicho matiz al término idilio, que en un inicio probablemente sólo indicaba la brevedad de la composición. Los Idilios de Teócrito son calificados como una de las obras poéticas más perfectas de la tradición griega clásica, debido a su calidad estilística y literaria. | ||
| 546 | |a Edición bilingüe francés-griego | ||
| 561 | |a Ex libris de Bibl. Domus San Cayetano | ||
| 649 | |a XX | ||
| 650 | |a Poesía Pastoril | ||
| 650 | |a Poesía Clásica | ||
| 650 | |a Poesía Griega | ||
| 650 | |a Literatura Pastoril - |z Grecia | ||
| 650 | |a Literatura Clásica - |y Siglo III a.C. | ||
| 650 | |a Literatura Griega - |y Siglo III a.C. | ||
| 910 | |a Fondo General | ||
| 920 | |a Impresos - Libros | ||
| 930 | |a Libros Antiguos y Raros | ||
| 940 | |a Literatura | ||
| 905 | |a 108 | ||
| 901 | |a 0500281816 |b IT2 |c LRA |u 20250526 | ||
| 902 | |a https://opac.biblio.iteso.mx/vufind/Record/000387054 | ||